Estrategias de reducción de incertidumbres de las variables básicas en la estimación de gases de efecto invernadero (GEI) (Registro nro. 5485)
[ vista simple ]
| 000 -CABECERA | |
|---|---|
| Campo de control | 01333nam a2200289 a 4500 |
| 005 - FECHA Y HORA DE LA ULTIMA TRANSACCION | |
| Campo de control | 20160901144259.0 |
| 008 - ELEMENTOS DE LONGITUD FIJA—INFORMACION GENERAL | |
| Campo de control | 160106b2006 ck ad fr||||f00| 0 spa d |
| 020 ## - ISBN | |
| ISBN | 9588067189 |
| 040 ## - FUENTE DE CATALOGACIÓN | |
| Agencia catalogadora original | CO-BoIAVH |
| Agencia transcriptora | CO-BoIAVH |
| 041 0# - IDIOMA | |
| Código de idioma para texto/pista de sonido o título separado | Español |
| 044 ## - PAÍS DE PUBLICACIÓN | |
| País de publicación | Colombia |
| 082 04 - NUMERO DE CLASIFICACION DECIMAL DEWEY | |
| Número de clasificación | 363.73874 |
| Número del ítem | I19e |
| 245 10 - MENCION DE TITULO | |
| Título | Estrategias de reducción de incertidumbres de las variables básicas en la estimación de gases de efecto invernadero (GEI) |
| Parte restante del título | módulo cambio en el uso de la tierra y silvicultura, energía - sector transporte y agricultura |
| 260 ## - PUBLICACION, DISTRIBUCION, ETC. (PIE DE IMPRENTA) | |
| Lugar de publicación, distribución, etc. | Bogotá : |
| Nombre del editor, distribuidor, etc. | IDEAM : |
| -- | Ministerio de Ambiente, Vivienda y Desarrollo Territorial : |
| -- | UNDP, |
| Fecha de publicación, distribución, etc. | 2006. |
| 300 ## - DESCRIPCION FISICA | |
| Extensión | 178 páginas : |
| Otros detalles físicos | ilustraciones, tablas ; |
| Dimensiones | 27 x 21 cm. |
| 650 #6 - ASIENTO SECUNDARIO DE MATERIA - TERMINO TEMATICO | |
| Término temático o nombre geográfico como elemento de entrada | Ordenación de tierras |
| Subdivisión geográfica | Colombia |
| 9 (RLIN) | 47327 |
| 650 #6 - ASIENTO SECUNDARIO DE MATERIA - TERMINO TEMATICO | |
| Término temático o nombre geográfico como elemento de entrada | Gestión de tierras agricolas |
| Subdivisión geográfica | Colombia |
| 9 (RLIN) | 47328 |
| 650 #6 - ASIENTO SECUNDARIO DE MATERIA - TERMINO TEMATICO | |
| Término temático o nombre geográfico como elemento de entrada | Utilización de la tierra |
| Subdivisión geográfica | Colombia |
| 9 (RLIN) | 47330 |
| 650 #6 - ASIENTO SECUNDARIO DE MATERIA - TERMINO TEMATICO | |
| Término temático o nombre geográfico como elemento de entrada | Gases de efecto invernadero |
| Subdivisión general | Reducción |
| -- | Estrategias |
| Subdivisión geográfica | Colombia |
| 9 (RLIN) | 47331 |
| 650 #6 - ASIENTO SECUNDARIO DE MATERIA - TERMINO TEMATICO | |
| 9 (RLIN) | 47329 |
| Término temático o nombre geográfico como elemento de entrada | Gestión de la energía |
| Subdivisión geográfica | Colombia |
| 700 1# - ASIENTO SECUNDARIO - NOMBRE PERSONAL | |
| Nombre personal | Costa Posada, Carlos |
| Término de relación | editor |
| 9 (RLIN) | 47322 |
| 700 1# - ASIENTO SECUNDARIO - NOMBRE PERSONAL | |
| Nombre personal | Buitrago Gómez, César Agusto |
| Término de relación | editor |
| 9 (RLIN) | 47323 |
| 700 1# - ASIENTO SECUNDARIO - NOMBRE PERSONAL | |
| Nombre personal | Yepes Rubiano, Luz Dary |
| Término de relación | editora |
| 9 (RLIN) | 47324 |
| 700 1# - ASIENTO SECUNDARIO - NOMBRE PERSONAL | |
| Nombre personal | Sierra Urrego, Magda Mallen |
| Término de relación | editora |
| 9 (RLIN) | 47325 |
| 700 1# - ASIENTO SECUNDARIO - NOMBRE PERSONAL | |
| Nombre personal | Gutiérrez Arias, María Margarita |
| Término de relación | editora |
| 9 (RLIN) | 47326 |
| 942 ## - ELEMENTOS ADICIONALES (KOHA) | |
| Tipo de ítem | Libro |
| Sistema de clasificación | Dewey Decimal Classification |
| Withdrawn status | Lost status | Sistema de Clasificación | Damaged status | No para préstamo | Colección | Inventariado | Ubicación Permanente | Ubicación actual | Fecha de adquisición | Fuente de Valor | Valor | Total Checkouts | Número topográfico | Inventario / Código de Barras | Date last seen | Ejemplar | Price effective from | Forma de adquisición | Tipo de material |
|---|---|---|---|---|---|---|---|---|---|---|---|---|---|---|---|---|---|---|---|
| Dewey Decimal Classification | Procesos Técnicos | General | Inventariado 2017 | Bogotá | Bogotá | 19/12/2007 | Instituto | 15000.00 | LB-363.73874 I19e | 025580 | 04/12/2012 | Ej.1 | 04/12/2012 | Libro |